00253nam a22000857a 4500082001400000100003500014245007600049260003300125300000900158 a669 ELL'T aGLEISER, MOLLY,ELLIOTT, JOHN F aTHERMODYNAMICS FOR STEEL MAKING THERMODYNAMICS AND TRANSPORT PROPERTIES aLONDONbADDISON WESLEYc1963 a846P